000 01024nam a22002777a 4500
001 8059
003 FISKH
005 20250820094545.0
008 250820b cb ||||| |||| 00| 0 eng d
020 _a0816711666
040 _aFISKH
_beng
_cFISKH
_dFISKH
050 _a PN1992 .F74
082 _a384.55
100 _aFreed, Carol
245 _aLet's visit a television station /
_cby Carol Freed : Photograph by Larry French
260 _aNew Jersey :
_bTroll Associates ,
_c1988.
300 _a32 pages :
_bcolor illustrations ;
_c23 cm .
505 _aK
520 _aReveals the many behind-the-scenes activities involved in producing television programs for the viewing audience and describes briefly the work of the news editor, lighting technicians, director, camera crew, and others.
521 8 _a510
_bLexile estimate
521 8 _aK
_bRaz-Plus
650 _aTelevision broadcasting
_vJuvenile Literature
700 _aFrench, Larry
_eIllustrator
942 _2ddc
_cBK
_n0
999 _c8059
_d8059